000 00336 a2200157 4500
001 171297
020 _a
040 _cMagnum
100 _aBerutti, Flávio
240 1 0 _aHistoria - atualidades - 2000
_lpor
245 1 0 _aHistoria - atualidades - 2000
362 0 _a1899
440 1 _aRHJ
697 _aPARADIDATICO
942 _cBK
999 _c171297
_d171297